|
|
|
|
| LEADER |
01477ncm a2200445 a 4500 |
| 001 |
000377914 |
| 003 |
CZ BrMZK |
| 005 |
20100715125237.0 |
| 008 |
980105s1992 xr f cze d |
| 028 |
0 |
3 |
|b Midi Music Studio
|
| 040 |
|
|
|a BOA001
|b cze
|
| 080 |
|
|
|a 787.61.087.5
|2 MRF
|
| 245 |
1 |
0 |
|a Slavné kytarové skladby
|h [hudebnina] /
|c [sestavil] Lubomír Brabec
|
| 246 |
3 |
3 |
|a Bourrée
|
| 246 |
3 |
3 |
|a Fantasia
|
| 246 |
3 |
3 |
|a Green sleeves
|
| 246 |
3 |
3 |
|a Lagrima
|
| 246 |
3 |
3 |
|a Marieta
|
| 246 |
3 |
3 |
|a Menuetto
|
| 246 |
3 |
3 |
|a Pavana
|
| 246 |
3 |
3 |
|a Preludium d moll
|
| 246 |
3 |
3 |
|a Romance
|
| 246 |
3 |
3 |
|a Adelita
|
| 246 |
3 |
3 |
|a Allegretto
|
| 246 |
3 |
3 |
|a Andantino
|
| 260 |
|
|
|a Rokycany :
|b Midi Music Studio,
|c 1992
|
| 300 |
|
|
|a 20 s. ;
|c 30 cm
|
| 490 |
1 |
|
|a Kytarová edice
|
| 505 |
2 |
|
|a Obsahuje: Romance, Green sleeves, Fantasia ... [et al.]
|
| 653 |
0 |
|
|a kytara
|a kytarová preludia
|a kytarové instruktivní skladby
|a kytarové romance
|a kytarové tance
|
| 700 |
1 |
|
|a Brabec, Lubomír,
|d 1953-
|7 jn19990209071
|4 com
|
| 700 |
1 |
|
|a Sor, Fernando,
|d 1778-1839
|7 jn20000605088
|4 cmp
|
| 700 |
1 |
|
|a Tárrega, Francisco,
|d 1852-1909
|7 jn19990210608
|4 cmp
|
| 700 |
1 |
|
|a Bach, Johann Sebastian,
|d 1685-1750
|7 jn19990000367
|4 cmp
|
| 700 |
1 |
|
|a Carcassi, Matteo,
|d 1792-1853
|7 jn20000601127
|4 cmp
|
| 700 |
1 |
|
|a Mudarra, Alonso,
|d asi 1506-1580
|7 jn20030729002
|4 cmp
|
| 830 |
|
0 |
|a Kytarová edice
|
| 910 |
|
|
|a BOA001
|b Mus4-1071.060
|
| 964 |
|
|
|a Kytara
|x skladby instruktivní
|x HUD
|
| 990 |
|
|
|a MU
|